000 00787cam a2200205 4500
001 WS108115
008 000000n 000 0 eng u
035 _a(Sirsi) u108115
245 _aScottish Courts Web Site
520 _aSite aiming to provide an access point to information relating to all civil and criminal courts in Scotland including the Court of Session, High Court of Justiciary, the Sheriff Courts and some District Courts. Includes links to judgments.
650 _aCASE LAW
650 _aSCOTLAND
650 0 _aSHERIFF COURTS
650 0 _aDISTRICT COURT
650 _aCOURT OF SESSION
650 0 _aHIGH COURT OF JUSTICIARY
690 _aLAW
856 4 0 _uhttps://www.scotcourts.gov.uk
_zView the website free of charge at www.scotcourts.gov.uk...
942 _n0
999 _c119624
_d119624